Zadar. (Запис № 569883)

МАРК-запис
000 -LEADER
fixed length control field 01443cam a2200313M 4500
001 - CONTROL NUMBER
control field zadartel00tele
003 - CONTROL NUMBER IDENTIFIER
control field CaSfIA
005 - DATE AND TIME OF LATEST TRANSACTION
control field 20210119125042.0
007 - PHYSICAL DESCRIPTION FIXED FIELD--GENERAL INFORMATION
fixed length control field cr||||
008 - FIXED-LENGTH DATA ELEMENTS--GENERAL INFORMATION
fixed length control field 870929s1964 yu a 000 0 eng d
040 ## - CATALOGING SOURCE
Original cataloging agency ORZ
Transcribing agency ORZ
Modifying agency OCLCQ
-- CaSfIA
035 ## - SYSTEM CONTROL NUMBER
System control number (OCoLC)16771277
041 1# - LANGUAGE CODE
Language code of text/sound track or separate title eng
Language code of original and/or intermediate translations of text hrv
043 ## - GEOGRAPHIC AREA CODE
Geographic area code e-yu---
100 1# - MAIN ENTRY--PERSONAL NAME
Personal name Telebakovic-Pecarski, Branka.
245 10 - TITLE STATEMENT
Title Zadar.
Medium [electronic resource]
Statement of responsibility, etc [Editor: Ivo Frol. Text by Branka Telebakovic-Pecarski. Translated from the Serbo-Croat by Ivo Curcin. Photos.: Toso Dabac].
260 ## - PUBLICATION, DISTRIBUTION, ETC. (IMPRINT)
Place of publication, distribution, etc Beograd,
Name of publisher, distributor, etc Jugoslavija
Date of publication, distribution, etc [1964]
300 ## - PHYSICAL DESCRIPTION
Extent 20, viii p.,
Other physical details [64] p. of illus.
Dimensions 18 cm.
490 0# - SERIES STATEMENT
Series statement Photoguides "Jugoslavija"
500 ## - GENERAL NOTE
General note Colored maps on lining papers.
500 ## - GENERAL NOTE
General note "Tourist supplement" (1965; [8] p.) inserted.
506 ## - RESTRICTIONS ON ACCESS NOTE
Standardized terminology for access restriction Необхідна авторизація на https://archive.org/ (створення облікового запису безкоштовно)
506 ## - RESTRICTIONS ON ACCESS NOTE
Standardized terminology for access restriction Необхідна авторизація на https://openlibrary.org/ (створення облікового запису безкоштовно)
651 #0 - SUBJECT ADDED ENTRY--GEOGRAPHIC NAME
Geographic name Zadar (Croatia)
General subdivision Description and travel.
700 1# - ADDED ENTRY--PERSONAL NAME
Personal name Dabac, Toso.
856 41 - ELECTRONIC LOCATION AND ACCESS
Uniform Resource Identifier <a href="http://www.archive.org/details/zadartel00tele">http://www.archive.org/details/zadartel00tele</a>
Public note Free eBook from the Internet Archive
856 42 - ELECTRONIC LOCATION AND ACCESS
Uniform Resource Identifier <a href="http://www.openlibrary.org/books/OL24224861M">http://www.openlibrary.org/books/OL24224861M</a>
Public note Additional information and access via Open Library
942 ## - ADDED ENTRY ELEMENTS (KOHA)
Koha item type ЕКнига

Немає доступних примірників.